000 00288nam a22001337a 4500
008 170126b xxu||||| |||| 00| 0 eng d
020 _a9780721690360
041 _aeng
080 _a618.2
100 _a2
101 _aINF
245 _aECG'S & THE HEART
_cCHERNECKY, C
942 _2udc
_cBK
999 _c3817
_d3817